LEADER 01410nam a2200349 u 4500 001 000000033918 003 CaOOAMICUS 005 20070226112421.0 008 971117s1953 enk u000 u eng u 020 $a0521295769 035 $a10776418 040 $aPUL$bita 041 1 $aeng$hlat 100 0 $aOrigenes,$d184-253.$0(OLS)http://pul/name/1274 240 10$aContra Celsum$9(Origines, 184-253).$lInglese.$0(OLS)http://pul/title/46733 245 10$aOrigen :$bContra Celsum /$cTranslated with an introduction & notes by Henry Chadwick .. 260 $aCambridge, [Eng.] :$bat the University Press,$c1953. 300 $axl, 530 p. ;$c23 cm 500 $aIncludes indexes. 504 $aBibliography: p. xxxv-xl. 600 04$aCelsus,$df. 178.$0(OLS)http://pul/subject/6457 700 1 $aChadwick, Henry,$d1920-$0(OLS)http://pul/name/9667 740 0 $aContra Celsum. 850 $aPUL 852 $aPUL$W1$xSL Religione 1$y3$m21 F 30$j46521$nBK-PRI$b $qStampati$B46521$CPULBib$Z2$F46521 $H $81 900 $aOrigene,$d184-253$91274 941 1 $a8 961 $aINV: 17829 996 $6020$a0521295769$9(OLS)http://pul/number/42583 996 $6245$aOrigen :$bContra Celsum$9(OLS)http://pul/title/46734 996 $6740$aContra Celsum$9(OLS)http://pul/title/46735 996 $6260$aCambridge, [Eng.] :$bat the University Press$9(OLS)http://pul/publisher/61889 LEADER 01406nam a22003014a 4500 001 000000122429 003 CaOOAMICUS 005 20100707124329.0 008 100707t2010 it a 000 u ita r 020 $a978-88-382-4064-5 040 $aPUL$bita$dReb 082 04$a174.9 245 02$aL'interesse del minore tra bioetica e biodiritto /$cA cura di Laura Palazzani. 260 $aRoma :$bStudium,$c©2010. 300 $a226 p. ;$c21 cm. 490 1 $aQuaderni della Libera Universitą "Maria SS. Assunta".$aSezione Centro studi Biogiuridici ;$v006 504 $aBibliografia in nota. 650 4$aMinori$xDiritto e legislazione.$0(OLS)http://pul/subject/8217 650 4$aBioetica$xDiritto.$0(OLS)http://pul/subject/34224 700 1 $aPalazzani, Laura,$d1964-$0(OLS)http://pul/name/35611 830 0$aQuaderni della Libera Universitą "Maria SS. Assunta".$pSezione Centro studi Biogiuridici ;$v006.$0(OLS)http://pul/title/135706 850 $aPUL 852 $aPUL$W1$xSL Filosofia 3$y81$m174. 9 PALLA 2$j140595$qDDC 21$B139704$CPULBib$Z2$F139704 $H114121 $82 941 1 $a9 996 $6020$a978-88-382-4064-5$9(OLS)http://pul/number/144800 996 $6082$a174.9$9(OLS)http://pul/classification/495 996 $6245$aL'interesse del minore tra bioetica e biodiritto$9(OLS)http://pul/title/154193 996 $6260$aRoma :$bStudium$9(OLS)http://pul/publisher/47892